Olivia Rodrigo song snippet - Statistics

General Stats
  • This quiz has been taken 249 times
  • The average score is 6 of 45
Answer Stats
Hint Answer % Correct
vampire as you sunk your teeth into me
66%
bad idea right? seeing you tonight
42%
cant catch me now but i'm in the trees i'm in the breeze
32%
lacy skin like puff pastry
25%
deja vu strawberry ice cream in Malibu
25%
1 step forawrd, 3 steps back all I did was speak normally
21%
favorite crime one heart broke four hands bloody
21%
hope ur ok knew a boy once when I was small
20%
traitor brown guilty eyes and little white lies
19%
jealousy,jealousy i think i think to much
18%
driver's license and you're probably with that blonde girl
16%
all american ---- I know my age and I act like it
16%
brutal so caught up in the news
16%
logical come for me like a savior
15%
lacy eyes wide as daisy's
15%
bad idea right? i'm sensing some undertone
15%
making the bed every good thing turns into something i dread
14%
traitor before I went and fell in love with you
13%
pretty isn't pretty in every shade
13%
jealousy, jealousy rather be rather be anyone anyone else
12%
driver's license cant drive past the places we used to go to
11%
ballad of a home schooled girl i broke the glass
11%
teenage dream i'll blow out the candles
11%
the grudge it takes strength to forgive
11%
good 4 u you bought a new car
11%
vampire how do you lie without flinching
10%
making the bed i'm playing the victim so well
10%
vampire I used to think I was smart
10%
all american ---- forgive and I forget
9%
making the bed pushing away all the people that know me the best
9%
hope ur ok to the holes of my butterfly wings
9%
ballad of a home schooled girl swore i was his type
7%
logical the grass is red
7%
logical the sky is green
7%
all american ---- i'm grateful all the time
6%
the grudge you must be so insecure
5%
vampire you were bad bad news
5%
hope ur ok nothings forever nothings as good as it seems
3%
logical you built a giant castle
3%
driver's license i know we weren't perfect
2%
teenage dream it gets better the more you grow
2%
teenage dream pretty young thing
2%
teenage dream wise beyond my years
2%
all american ---- with love to spare
2%
driver's license i still see your face
1%
No matching quizzes found
Score Distribution
Percent of People with Each Score
Percentile by Number Answered
Your Score History
You have not taken this quiz